Guidelines for hazard evaluation procedures /

Bibliographic Details
Corporate Author: American Institute of Chemical Engineers. Center for Chemical Process Safety
Format: Book
Language:English
Published: Hoboken, N.J. : John Wiley & Sons, [2008]
Edition:3rd ed.
Subjects:

MARC

Tag First Indicator Second Indicator Subfields
LEADER 00000cam a2200000 a 4500
001 in00002398049
005 20151109063305.0
008 071010s2008 njua b 000 0 eng
015 |a GBA790699  |2 bnb 
016 7 |a 014276206  |2 Uk 
019 |a 154670004 
020 |a 0471978159 (hbk.) 
020 |a 9780471978152 (hbk.) 
035 |a (OCoLC)ocn181068999 
040 |a UKM  |c UKM  |d BAKER  |d BTCTA  |d YDXCP  |d BWX  |d CUS  |d UtOrBLW 
049 |a TXAM 
082 0 |a 660.2804  |2 22 
090 |a TP155.5  |b .G77 2008 
245 0 0 |a Guidelines for hazard evaluation procedures /  |c Center for Chemical Process Safety. 
250 |a 3rd ed. 
264 1 |a Hoboken, N.J. :  |b John Wiley & Sons,  |c [2008] 
264 4 |c ©2008 
300 |a xxvii, 542 pages :  |b illustrations ;  |c 25 cm. 
336 |a text  |b txt  |2 rdacontent 
337 |a unmediated  |b n  |2 rdamedia 
338 |a volume  |b nc  |2 rdacarrier 
500 |a Previous edition: New York: Center for Chemical Process Safety of the American Institute of Chemical Engineers, 1992. 
504 |a Includes bibliographical references. 
650 0 |a Chemical processes  |x Safety measures. 
650 0 |a Hazardous substances  |x Safety measures. 
710 2 |a American Institute of Chemical Engineers.  |b Center for Chemical Process Safety. 
946 |a stk 
947 |a A14836789671 
945 |a PromptCat 
946 |a qatar 
947 |a Q14800189754 
948 |a cataloged  |b h  |c 2008/6/13  |d c  |e dmitchell  |f 1:10:20 pm 
949 |a updated-AC Qatar  |b h  |c 2008/10/21  |e jhennen 
994 |a 92  |b TXA 
999 |a MARS 
999 f f |s 74d37c41-f9d5-3aa5-bf6d-a267b1ba5043  |i 93b480be-8c02-3301-8ebb-8175f665e177  |t 0 
952 f f |p normal  |a Texas A&M University  |b College Station  |c Sterling C. Evans Library  |d Evans: Library Stacks  |t 0  |e TP155.5 .G77 2008  |h Library of Congress classification  |i unmediated -- volume  |m A14836789671 
998 f f |a TP155.5 .G77 2008  |t 0  |l Evans: Library Stacks